01424cas a22003497ar450000500170000000800410001701000100005801100100006802200140007803500110009224500700010326000700017330000070024331000150025036200180026559000410028359000410032459000410036559000420040665000570044878001410050586600540064686600580070086600580075886600280081686600560084486600560090086600610095690100070101790500330102499900170105720220329143017.0001017c1998 cu qr pernn 0 b1 d a90634 a91606 a1562-3009 a10216600aFitosanidadc/por Instituto de Investigaciones de Sanidad Vegetal0 aLa Habana:bInstituto de Invetigaciones de Sanidad Vegetalc1998- av. aTrimestral av.7 n.2,2003. aBATCH-UPDb10c20130110lUCH01h0336 aBATCH-UPDb10c20130410lUCH01h0009 aBATCH-UPDb10c20130914lUCH01h2014 aCONVERSIONb10c20130109lUCH01h135004aSanidad vegetalxPublicaciones periódicas.9102232 tCiencia y Tecnica en la Agricultura. Protección de Plantas v.1-13, 1978-1990 posteriormente : Protección de Plantas v.1-2, 1991-1992 av. 10 n. 1 (Marzo 2006) - v. 10 n. 2 (Junio 2006) av. 11 n. 1 (Marzo 2007) - v. 11 n. 4 (Diciembre 2007) av. 12 n. 2 (Junio 2008) - v. 12 n. 4 (Diciembre 2008) av. 13 n. 2 (Junio 2009) av. 4 n. 1 (Marzo 2000) - v. 6 n. 4 (Diciembre 2002) av. 7 n. 1 (Marzo 2003) - v. 7 n. 4 (Diciembre 2003) av. 8 n. 3 (Septiembre 2004) - v. 8 n. 4 (Diciembre 2004) aSE aAraceli Hernández Gómez. c90634d90634